French utopias; an anthology of ideal societies.

Saved in:
Bibliographic Details
Main Author: Manuel, Frank Edward (ed. and tr.)
Other Authors: Manuel, Fritzie P. (Fritzie Prigohzy) (joint ed. and tr.)
Format: Book
Language:English
Published: New York, Free Press [1966]
Subjects:
LEADER 01009nam a22002531 4500
001 c000324281
003 CARM
005 00000000000000.0
008 740514s1966 nyuach 00010 eng
010 |a 67010427 //r97 
019 1 |a 27513466  |z 668067  |5 LACONCORD2021 
035 |a (OCoLC)280162  |5 LACONCORD2021 
041 1 |a engfre 
050 0 0 |a HX810  |b .M3 
082 0 0 |a 335.2 
100 1 |a Manuel, Frank Edward.  |e ed. and tr. 
245 1 0 |a French utopias;  |b an anthology of ideal societies.  |c Edited, with an introd. and translations, by Frank E. Manuel and Fritzie P. Manuel. 
260 |a New York,  |b Free Press  |c [1966] 
300 |a vii, 426 p.  |b illus., facsim., ports.  |c 24 cm. 
650 0 |a Utopias. 
700 1 |a Manuel, Fritzie P.  |q (Fritzie Prigohzy)  |e joint ed. and tr. 
852 8 |b CARM  |h A1:AL04C0  |i C10348  |p 0445036  |f BK 
999 f f |i 5aada422-49a2-5246-885a-a94d2058c14b  |s 844fb0da-0dcf-5635-ad1a-8afb4f763bed 
952 f f |p Can circulate  |a CAVAL  |b CAVAL  |c CAVAL  |d CARM 1 Store  |e C10348  |f A1:AL04C0  |h Other scheme  |i book  |m 0445036